000 00762nam a2200205 a 4500
003 0
005 20250314110248.0
008 080923s19uu xx 00 eng d
050 _aPHS LB 1049
_b.Sa252 2008
100 _aSasaki, Nina Beatrice A.
245 _aStudy habits and academic performance of first and last born senior students of S.I.S.C. academic year 2007-2008 /
_cNina Beatrice A. Sasaki.
260 _aLas PiƱas City, Philippines :
_bSouthville International School and Colleges,
_c2008.
300 _a37 pages ;
_c28 cm.
504 _aIncludes bibliographical references.
650 _aStudy skills.
650 _aAcademic achievement.
650 _aBirth order
_xPsychological aspects.
650 _aStudent achievement.
942 _2lcc
_cPASS
999 _c98113
_d98113